02043cam a2200505 i 4500001001200000003000600012005001700018008004100035020005800076020005500134035002200189035002300211040007000234045001700304046000900321245009800330260017800428300002500606336002700631337005400658338002800712380001600740380002300756388001000779504001200789648001900801650001900820650001800839650003000857650002700887650002800914650004600942650004500988650005301033651001601086651005601102655002401158658002201182658001301204658005101217700003901268700004001307710008401347710010601431xx004855902NUKAT20260429143517.0200507s2020 pl |001 0dpol c a9788365880628q(oprawa twarda ;qIH PAN) :czł 35,00 a9788380988514q(oprawa twarda ;qIPN) :czł 35,00 a(OCoLC)1156658263 a(NUKAT)xx004855902 aKAT U/MPbpolerdacKAT U/MPsdKAT U/MPdWA 14/ABsdOLSZT 008/bak2 bd1917bd1989 k202000aPolskie wizje i oceny komunizmu (1917-1989) /cpod redakcją Marka Kornata i Rafała Łatki. aWarszawa :bInstytut Historii im. Tadeusza Manteuffla Polskiej Akademii Nauk :bInstytut Pamięci Narodowej. Komisja Ścigania Zbrodni Przeciwko Narodowi Polskiemu,c2020. a384 strony ;c25 cm. aTekstbtxt2rdacontent aBez urządzenia pośredniczącegobn2rdamedia aWoluminbnc2rdacarrier aKsiążki aPublikacje naukowe1 a2001- aIndeks. 7a1901-20002DBN 7aEwaluacja2DBN 7aKomunizm2DBN 7aLewica (politologia)2DBN 7aWpływ i recepcja2DBN 7aKomunizmzPolska.2kaba 7aKomunizmzPolskaxopinia publiczna.2kaba 7aIdee politycznezPolskaxhistoria.2kaba 7aRuchy antykomunistycznezPolskaxhistoria.2kaba 7aPolska2DBN 7aZwiązek Radzieckixopinia publiczna polska.2kaba 7aPraca zbiorowa2DBN aFilozofia i etyka aHistoria aPolityka, politologia, administracja publiczna1 aKornat, Marekd(1971- ).eRedakcja1 aŁatka, Rafałd(1985- ).eRedakcja2 aPolska Akademia Nauk.bInstytut Historii im. Tadeusza Manteuffla.eWydawca4pbl2 aInstytut Pamięci Narodowej - Komisja Ścigania Zbrodni przeciwko Narodowi Polskiemu.eWydawca4pbl